| 000 | 00736nam a22001577a 4500 | ||
|---|---|---|---|
| 003 | OSt | ||
| 005 | 20161026103146.0 | ||
| 008 | 161026b xxu||||| |||| 00| 0 eng d | ||
| 040 | _cRUA | ||
| 082 | _aAGR TRY 2005 B044 Or.1 | ||
| 100 |
_910921 _aTRY ENGYOU; ទ្រី អេងយូ |
||
| 245 | _aEffect of mulches on yield of chinese radish raphamus sativuse at crop station in royal university of agriculture, ឥទ្ធិពលនៃគំរបទៅលើទិន្នផលដំណាំឆៃថាវនៅស្ថានីយ៍ដំណាំ នៃសាកលវិទ្យាល័យភុមិន្ទកសិកម្ម | ||
| 260 |
_aRUA _bTRY _c2005 |
||
| 300 |
_axi,66p. _bill. _c29cm. |
||
| 942 |
_2ddc _cAGR |
||
| 999 |
_c10513 _d10513 |
||